Heath`s German and English Dictionary (Record no. 2189)
[ view plain ]
| 000 -LEADER | |
|---|---|
| fixed length control field | 00669nam a2200265 a 4500 |
| 020 ## - INTERNATIONAL STANDARD BOOK NUMBER | |
| ISBN | |
| 082 00 - DEWEY DECIMAL CLASSIFICATION NUMBER | |
| Classification number | 433.21 |
| Author Cutter | BRE |
| 100 ## - MAIN ENTRY--AUTHOR NAME | |
| Author name | Breul, Karl |
| 245 ## - TITLE STATEMENT | |
| Title | Heath`s German and English Dictionary |
| 260 ## - PUBLICATION, DISTRIBUTION, ETC. (IMPRINT) | |
| Place of publication | Boston |
| Name of publisher | D.C.Heath and Co. |
| Year of publication | 1906 |
| 300 ## - PHYSICAL DESCRIPTION | |
| Number of Pages | 545p |
| 500 ## - GENERAL NOTE | |
| General note | includes index and biblioraphy |
| 505 2# - FORMATTED CONTENTS NOTE | |
| Formatted contents note | Index |
| 650 ## - SUBJECT ADDED ENTRY--TOPICAL TERM | |
| Topical Term | Dictionary-German-English |
| 650 ## - SUBJECT ADDED ENTRY--TOPICAL TERM | |
| Topical Term | Dictionary-English German |
| 650 ## - SUBJECT ADDED ENTRY--TOPICAL TERM | |
| Topical Term | German-English-Dictionary |
| 942 ## - ADDED ENTRY ELEMENTS (KOHA) | |
| Koha item type | Books |
| 700 1# - | |
| -- | Breul, Karl |
| Home library | Current library | Date acquired | Cost, normal purchase price | Full call number | Accession Number | Koha item type |
|---|---|---|---|---|---|---|
| Henry Martyn Institute Library | Henry Martyn Institute Library | 06/06/2007 | 100.00 | 433.21 BRE | 74 | Archive Book |
